000 00359nam a2200145Ia 4500
008 230711s9999||||xx |||||||||||||| ||und||
041 _aENG
082 _a624
_bGH-C
100 _aGhose,D.N
245 0 _aMaterials of construction
250 _a1st
260 _c1989
_aNew Delhi
_bTata McGraw Hill Education Limited
650 _aCivil Engineering
942 _cBK
999 _c433
_d433